000 00620nam a2200241Ia 4500
003 OSt
005 20221005115436.0
006 a|||||r|||| 00| 0
007 ta
008 221004b |||||||| |||| 00| 0 hin d
024 _a59633
037 _cTextual
040 _aCRL
_cCRL
_bhin
041 _2hin
_ahin
082 _aO152,2M89, 33K0
100 _aJayasankar Prasad Au.
_9627548
245 0 _aChandragupta
260 _c1966
650 _a HINDI LITERATURE
_923866
650 _aHINDI DRAMA
942 _hO152,2M89, 33K0
_cTEXL
_2cc
999 _c1034855
_d1034855